000 01973nam a2200385 a 4500
999 _c133938
_d133938
003 BLK
005 20241206005451.0
008 180409b bul|||||r ||||||| ||bul||
010 _aKNG00139841000
040 _aBLK
041 _aBUL
_cBUL
080 _aБългарска литература
_b821.163.2
_x-93-1
_z821.163.2-93-1
100 _aГабе, Дора Петрова
_gПоетеса и писателка. Преводачка от полски език.
_d1886-1983
_qГабе, Изидора Петрова
_9369524
139 _aГабе, Дора Петрова
_bГ 13
245 1 0 _aНай-обичам
_cДора Габе; Елисавета Багряна; Калина Малина; худож. Никифор Русков; Райна Иванова Радева-Митова.
245 1 0 _aЗа вас, деца любими
_cЕлисавета Багряна
245 1 0 _aБъди юнак
_bСтихове за деца
_cКалина Малина ; Худож. Никифор Русков
250 _a2. изд
257 _aBGR
260 _bМедицина и физкултура
_c1976
_aСофия
300 _a96 с.
_bс ил.
_c29 см
380 _aDX
500 _aИстинското име на Калина Малина е Райна Иванова Радева-Митова. - 1. изд. 1972. - 90 101 тир.
700 _aБагряна, Елисавета
_d1893-1991
_qБелчева, Елисавета Любомирова
_9364149
700 1 _aКалина Малина
_gРадева-Митова, Райна Иванова
_9377387
700 1 _aРусков, Никифор
_eхудож.
_9364263
700 1 _aРадева-Митова, Райна Иванова
_e*
_9317807
852 _aЦб ІІ 17569
856 4 _qpdf
856 4 _qpdf
942 _cKNG
_n0
_s1
_01
944 _aCR
_c20.02.2013
_lCRON CRON
_k
944 _aED
_c20.02.2013
_l20.02.2013 - от С1,Р / 20.02.2013
999 _d133938